[Event "Birzai-ch"]
[Site "Birzai"]
[Date "2011.11.30"]
[Round "8"]
[White "Simas, Boleslovas"]
[Black "Cerencova, Emilija"]
[Result "1-0"]
[WhiteElo "1878"]
[BlackElo "1889"]
[PlyCount "69"]
[EventDate "2011.11.07"]
[EventType "swiss"]
[EventRounds "9"]
[EventCountry "LTU"]
[SourceTitle "EXT 2013"]
[Source "ChessBase"]
[SourceDate "2012.11.22"]
[SourceVersion "1"]
[SourceVersionDate "2012.11.22"]
[SourceQuality "1"]

1. e4 e5 2. Nf3 Nc6 3. Bc4 Bc5 4. c3 Nf6 5. d4 exd4 6. cxd4 Bb4+ 7. Bd2 Bxd2+ 8. Nbxd2 d5 9. exd5 Nxd5 10. 0-0 0-0 11. Qc2 Qf6 12. Bxd5 Nxd4 13. Nxd4 Qxd4 14. Bf3 Qf4 15. Rfe1 Qg5 16. Re2 Bh3 17. Bxb7 Rab8 18. Qxc7 h5 19. Rae1 h4 20. Qc6 f5 21. Qd5+ Kh8 22. Kh1 Rbd8 23. Qc5 Bg4 24. Nf3 Qh6 25. Re6 g6 26. Ne5 Bh5 27. Bf3 Qd2 28. Qe3 Bxf3 29. gxf3 Qxe3 30. fxe3 Kh7 31. Nxg6 Rg8 32. Nxh4 Rd2 33. Re7+ Kh6 34. Rxa7 Rxb2 35. Rg1 1-0